000
00204 a2200097 4500
001
6435
100
_a
Govt Of Pakistan
245
_a
Guide to Pakistan
260
_a
_b
Govt of Pak
_c
090
_c
5295
_d
5295
942
_a
NUST-CAE
_c
M
_c
31706
999
_c
241508
_d
241508